[Event "GER-ch U16 Girls"]
[Site "Willingen"]
[Date "2005.05.19"]
[Round "8"]
[White "Winter, Hannah"]
[Black "Czygan, Dana"]
[Result "1/2-1/2"]
[WhiteElo "1386"]
[BlackElo "1603"]
[PlyCount "106"]
[EventDate "2005.05.14"]
[EventType "swiss"]
[EventRounds "9"]
[EventCountry "GER"]
[SourceTitle "CBM 106 Extra"]
[Source "ChessBase"]
[SourceDate "2005.07.01"]
[SourceVersion "1"]
[SourceVersionDate "2005.07.01"]
[SourceQuality "1"]

1. e4 c5 2. Nc3 Nc6 3. d3 e6 4. Be3 Nf6 5. g3 d5 6. exd5 exd5 7. d4 c4 8. h3 Bb4 9. Nge2 Ne4 10. Bg2 Nxc3 11. Nxc3 Bxc3+ 12. bxc3 Be6 13. 0-0 0-0 14. Qd2 Qd7 15. Kh2 Rfe8 16. f4 Bf5 17. Rae1 Be4 18. Bxe4 Rxe4 19. f5 Rae8 20. Rf4 Rxf4 21. Bxf4 f6 22. Rxe8+ Qxe8 23. Qg2 Qd7 24. g4 Kf7 25. Qe2 g6 26. fxg6+ hxg6 27. h4 Qd8 28. Qf3 Ne7 29. Be5 f5 30. gxf5 Nxf5 31. Bg3 Qd7 32. h5 Qe6 33. hxg6+ Kxg6 34. Qg4+ Kf7 35. Qh5+ Qg6 36. Qxg6+ Kxg6 37. Bf2 b5 38. Kg2 Ne7 39. a3 Kf5 40. Kf3 Nc6 41. Be1 a5 42. Ke3 Kg4 43. Bd2 Ne7 44. Kf2 Nf5 45. Be3 Ng3 46. Bd2 Ne4+ 47. Ke3 Nxd2 48. Kxd2 Kf3 49. Ke1 Ke3 50. Kd1 b4 51. cxb4 axb4 52. axb4 Kxd4 53. c3+ Ke5 1/2-1/2

[Event "GER-ch U16 Girls"]
[Site "Willingen"]
[Date "2005.05.17"]
[Round "5"]
[White "Hofmann, Christine"]
[Black "Winter, Hannah"]
[Result "1-0"]
[WhiteElo "1620"]
[BlackElo "1386"]
[PlyCount "89"]
[EventDate "2005.05.14"]
[EventType "swiss"]
[EventRounds "9"]
[EventCountry "GER"]
[SourceTitle "CBM 106 Extra"]
[Source "ChessBase"]
[SourceDate "2005.07.01"]
[SourceVersion "1"]
[SourceVersionDate "2005.07.01"]
[SourceQuality "1"]

1. d4 d5 2. c4 e6 3. Nc3 Nf6 4. Nf3 c5 5. Bg5 Nc6 6. cxd5 exd5 7. dxc5 Bxc5 8. Bxf6 Qxf6 9. Qxd5 Qe7 10. e3 Nb4 11. Qd1 Bf5 12. Bb5+ Bd7 13. Bxd7+ Qxd7 14. Qxd7+ Kxd7 15. 0-0 Ke7 16. Rfd1 Rhd8 17. Ne1 Rac8 18. a3 Nc6 19. Rac1 Bd6 20. Nf3 h6 21. Nd4 Nxd4 22. Rxd4 f6 23. g3 Kf7 24. Rcd1 Bc7 25. Rd7+ Kg6 26. Nb5 Rxd7 27. Rxd7 Be5 28. Rxb7 Rc1+ 29. Kg2 Bxb2 30. Rxa7 Rc8 31. a4 Rb8 32. Nc7 Ba3 33. Ne6 Rg8 34. a5 f5 35. a6 Kf6 36. Nc7 Rc8 37. Rb7 Bd6 38. a7 Bxc7 39. Rxc7 Ra8 40. Rc6+ Kf7 41. Ra6 h5 42. h4 g6 43. Kf3 Kg7 44. Kf4 Kf7 45. Kg5 1-0

[Event "GER-ch U16 Girls"]
[Site "Willingen"]
[Date "2005.05.17"]
[Round "6"]
[White "Winter, Hannah"]
[Black "Leinenbach, Janine"]
[Result "0-1"]
[WhiteElo "1386"]
[BlackElo "1466"]
[PlyCount "70"]
[EventDate "2005.05.14"]
[EventType "swiss"]
[EventRounds "9"]
[EventCountry "GER"]
[SourceTitle "CBM 106 Extra"]
[Source "ChessBase"]
[SourceDate "2005.07.01"]
[SourceVersion "1"]
[SourceVersionDate "2005.07.01"]
[SourceQuality "1"]

1. e4 d6 2. d4 Nf6 3. Nc3 g6 4. Bg5 Bg7 5. e5 dxe5 6. dxe5 Qxd1+ 7. Rxd1 Ng4 8. Nd5 Bxe5 9. Nf3 Bd6 10. Bxe7 c6 11. Bxd6 cxd5 12. Bb5+ Bd7 13. Rxd5 Nc6 14. a3 h6 15. 0-0 Kd8 16. Re1 a6 17. Be7+ Kc7 18. Bxc6 Bxc6 19. Rd4 h5 20. h3 Nh6 21. Bf6 Rhe8 22. Re7+ Rxe7 23. Bxe7 Nf5 24. Rf4 Nxe7 25. Rxf7 Re8 26. Ne5 Be4 27. c3 b5 28. Rf6 Ng8 29. Rf7+ Re7 30. Rxe7+ Nxe7 31. Nf3 Bxf3 32. gxf3 Nd5 33. Kh2 h4 34. Kg1 Kd6 35. Kh2 Kc5 0-1

[Event "GER-ch U16 Girls"]
[Site "Willingen"]
[Date "2005.05.15"]
[Round "2"]
[White "Winter, Hannah"]
[Black "Popovic, Nathalie"]
[Result "0-1"]
[WhiteElo "1386"]
[BlackElo "1591"]
[PlyCount "42"]
[EventDate "2005.05.14"]
[EventType "swiss"]
[EventRounds "9"]
[EventCountry "GER"]
[SourceTitle "CBM 106 Extra"]
[Source "ChessBase"]
[SourceDate "2005.07.01"]
[SourceVersion "1"]
[SourceVersionDate "2005.07.01"]
[SourceQuality "1"]

1. e4 e6 2. d4 d5 3. Nd2 Nf6 4. e5 Nfd7 5. Ngf3 c5 6. c3 Nc6 7. Qe2 cxd4 8. cxd4 Qb6 9. Nb3 a5 10. Be3 a4 11. Nc1 Bb4+ 12. Kd1 a3 13. Nb3 axb2 14. Qxb2 Ba3 15. Qd2 Qc7 16. Bb5 0-0 17. h4 Na5 18. Bxd7 Bxd7 19. Nxa5 Rxa5 20. Ne1 Ba4+ 21. Nc2 Rc8 0-1

[Event "GER-ch U16 Girls"]
[Site "Willingen"]
[Date "2005.05.14"]
[Round "1"]
[White "Jehle, Anja"]
[Black "Winter, Hannah"]
[Result "1-0"]
[WhiteElo "1721"]
[BlackElo "1386"]
[PlyCount "33"]
[EventDate "2005.05.14"]
[EventType "swiss"]
[EventRounds "9"]
[EventCountry "GER"]
[SourceTitle "CBM 106 Extra"]
[Source "ChessBase"]
[SourceDate "2005.07.01"]
[SourceVersion "1"]
[SourceVersionDate "2005.07.01"]
[SourceQuality "1"]

1. d4 d5 2. c4 Nf6 3. cxd5 Nxd5 4. e4 Nb6 5. h3 e6 6. Nf3 Bb4+ 7. Nc3 0-0 8. a3 Bxc3+ 9. bxc3 Re8 10. Bd3 Nc6 11. e5 Ne7 12. Ng5 g6 13. Qf3 Rf8 14. Ne4 f5 15. exf6 Ned5 16. Bg5 Rf7 17. c4 1-0